Dónde ?

Saved in:
Bibliografiske detaljer
Hovedforfatter: Smith, Kathie Billingslea (Author)
Format: Bog
Sprog:spansk
Udgivet: Buenos Aires Sigmar 1990
Serier:Colección mil preguntas
Fag:
Tags: Tilføj Tag
Ingen Tags, Vær først til at tagge denne postø!

MARC

LEADER 00000nam a2200000 a 4500
001 UCW5839
003 CL-VaPUC
008 910813e19900000AG |||||||||||||||||spa|d
082 0 4 |a 372.044  |b SMI  |2 21 
100 0 |a Smith, Kathie Billingslea  |e author  |9 310884 
245 1 0 |a Dónde ? 
300 |a 24 p 
942 |c BK 
945 |d 19910813 00:00:00 
260 |a Buenos Aires  |b Sigmar  |c 1990 
650 0 |a Educación básica   |9 224933 
650 7 |a LIBROS DE TEXTOS  |2 CL-VaPUC  |9 310885 
650 0 |a Niños  |9 255605 
650 0 |a Literatura juvenil   |9 309909 
650 0 |a Educación de niños  |9 307451 
583 |a last modification  |c 19910813 00:00:00  |k Rodrigo Vera 
490 0 |a Colección mil preguntas 
999 |c 219158  |d 219156 
952 |0 0  |1 0  |4 0  |6 372_044000000000000_SMI_1990  |7 0  |8 P  |9 209731  |a BIBEDU  |b BIBEDU  |c BIBEDU_PB  |d 2019-11-15  |i 2776138  |o 372.044 SMI 1990  |p 2776138  |r 2024-01-25  |w 2019-11-15  |y BK  |k EDU